000
00207 a2200097 4500
001
45272
100
_a
Jagger E.T
245
_a
Wings in motion
260
_a
London
_b
Pitman & Son
_c
090
_c
28458
_d
28458
942
_a
NUST-CAE
_c
M
_c
20511
999
_c
280345
_d
280345